Statistics for Star Wars: Episode V The Quiz Strikes Back

Click here to take the quiz!

General Stats

  • This quiz has been taken 56 times
  • The average score is 16 of 30

Answer Stats

HintAnswer% Correct
What is Han Solo frozen in?Carbonite
88%
What does Luke lose on Cloud City?His hand
85%
Who is Han's friend, played by Billy Dee Williams?Lando Calrissian
85%
In what year was the film released?1980
78%
Who is Luke's father?Darth Vader
76%
How many bounty hunters does the Empire hire?6
68%
What does Han put Luke into to keep him warm?A tauntaun
68%
What does Luke fail to lift from the swamp on Dagobah?His X-Wing
68%
Who provided the voice of Darth Vader?James Earl Jones
68%
Who is warned not to disintegrate the heroes?Boba Fett
66%
Cloud City floats above which gas giant planet?Bespin
59%
What is the name of the reptilian bounty hunter?Bossk
59%
In a deleted scene, who lures snowtroopers into a room full of wampas?C-3PO
59%
Who leads the Imperial assault on Hoth?General Veers
54%
What fluid is used to heal Luke?Bacta
51%
What is the name of the Rebel base on Hoth?Echo Base
51%
What matters not?Size
51%
What is the name of Vader's giant command ship?Executor
46%
Which Imperial Admiral is Force-choked by Darth Vader?Admiral Ozzel
41%
Who can interface directly with the Cloud City mainframe?Lobot
39%
What does Yoda steal from Luke?A lamp
37%
What is the name of Luke's gunner on Hoth?Dak Ralter
37%
What tries to eat the Millennium Falcon in the asteroid field?A Space Slug
32%
Who directed the film?Irvin Kershner
32%
What does Luke want to check out at the start of the film?A meteor strike
29%
A potato and a shoe were among the items used to create these:Asteroids
29%
What is mined on Cloud City?Tibanna gas
29%
What are the creatures that work on Cloud City called?Ugnaughts
29%
Who provided painted backdrops and concept art for the trilogy?Ralph McQuarrie
27%
Which droid operates on Luke's hand?2-1B
22%

Score Distribution

Percentile by Number Answered

Percent of People with Each Score

Your Score History

You have not taken this quiz